000 00466nmm a2200157Ia 4500
008 251105s9999||||xx |||||||||||||||||und||
041 _aspa
100 _aJaén García, Manuel
245 0 _aEjercicios de economía industrial
264 _a[Madrid, España] :
_bSeptem Ediciones,
_c2014
300 _a244 páginas
490 _aSeptem Universitas
650 _aEconomics and Business
856 _uhttps://public.digitaliapublishing.com/a/35516
942 _cCF
999 _c100591
_d100591